Scanning electron microscopy and X-ray microanalysis : a text for biologists, materials scientists, and geologists / (Record no. 63469)

000 -LEADER
fixed length control field 00923cam a2200277 a 4500
001 - CONTROL NUMBER
control field 3260829
003 - CONTROL NUMBER IDENTIFIER
control field NUST - PNEC
005 - DATE AND TIME OF LATEST TRANSACTION
control field 20170116180814.0
008 - FIXED-LENGTH DATA ELEMENTS--GENERAL INFORMATION
fixed length control field 810807s1981 nyua b 001 0 eng
010 ## - LIBRARY OF CONGRESS CONTROL NUMBER
LC control number 81013766
020 ## - INTERNATIONAL STANDARD BOOK NUMBER
International Standard Book Number 030640768X
040 ## - CATALOGING SOURCE
Original cataloging agency DLC
Transcribing agency LIBRARY
Modifying agency DLC
050 00 - LIBRARY OF CONGRESS CALL NUMBER
Classification number QH212.S3
Item number S29
082 00 - DEWEY DECIMAL CLASSIFICATION NUMBER
Classification number 502.825 GOL
100 ## - MAIN ENTRY--PERSONAL NAME
9 (RLIN) 3549
Personal name Goldstein, Joseph I.
245 00 - TITLE STATEMENT
Title Scanning electron microscopy and X-ray microanalysis : a text for biologists, materials scientists, and geologists /
Statement of responsibility, etc. Joseph I. Goldstein ... [et al.]
260 ## - PUBLICATION, DISTRIBUTION, ETC.
Place of publication, distribution, etc. New York :
Name of publisher, distributor, etc. Plenum Press,
Date of publication, distribution, etc. c1981.
300 ## - PHYSICAL DESCRIPTION
Extent xiii, 673 p. :
Other physical details ill. ;
Dimensions 24 cm.
500 ## - GENERAL NOTE
General note Includes index.
504 ## - BIBLIOGRAPHY, ETC. NOTE
Bibliography, etc. note Bibliography: p. 649-664.
650 #0 - SUBJECT ADDED ENTRY--TOPICAL TERM
Topical term or geographic name entry element Scanning electron microscopy.
650 #0 - SUBJECT ADDED ENTRY--TOPICAL TERM
Topical term or geographic name entry element X-ray microanalysis.
General subdivision General
700 1# - ADDED ENTRY--PERSONAL NAME
Personal name Goldstein, Joseph,
Dates associated with a name 1939-
906 ## - LOCAL DATA ELEMENT F, LDF (RLIN)
a 7
b cbc
c orignew
d 1
e ocip
f 19
g y-gencatlg
942 ## - ADDED ENTRY ELEMENTS (KOHA)
Source of classification or shelving scheme
Koha item type Book
Holdings
Withdrawn status Lost status Source of classification or shelving scheme Damaged status Not for loan Permanent Location Current Location Shelving location Date acquired Source of acquisition Cost, normal purchase price Total Checkouts Full call number Barcode Date last seen Cost, replacement price Price effective from Koha item type
          Pakistan Navy Engineering College (PNEC) Pakistan Navy Engineering College (PNEC)   03/22/1990 Royal Book Co/Library/Reference Grant 1102.50   502.825 GOL PNECLIB-013572 05/15/2015 1102.50 03/22/1990 Book
© 2023 Central Library, National University of Sciences and Technology. All Rights Reserved.